Statistical Yearbook 1987 Issue 36

Salvato in:
Dettagli Bibliografici
Natura: Libro
Lingua:inglese
Pubblicazione: New York United Nations 1990
Edizione:1. Aufl.
Tags: Aggiungi Tag
Nessun Tag, puoi essere il primo ad aggiungerne!!

MARC

LEADER 00000nam a2200000 4500
001 c023846
005 20221215114450.1
041 0 |a eng 
044 |a US 
245 1 0 |a Statistical Yearbook 1987  |b Issue 36 
250 |a 1. Aufl. 
264 1 |a New York  |b United Nations  |c 1990 
300 |a 799 s.